រំខានមែន ! (Record no. 1432)
[ view plain ]
| 000 -LEADER | |
|---|---|
| fixed length control field | 01265nam a22002777a 4500 |
| 005 - DATE AND TIME OF LATEST TRANSACTION | |
| control field | 20240627100316.0 |
| 020 ## - INTERNATIONAL STANDARD BOOK NUMBER | |
| International Standard Book Number | 9789924340140 |
| 040 ## - CATALOGING SOURCE | |
| Original cataloging agency | FISKH |
| Language of cataloging | eng |
| Transcribing agency | FISKH |
| Modifying agency | FISKH |
| 082 ## - DEWEY DECIMAL CLASSIFICATION NUMBER | |
| Classification number | 306.85 |
| 100 ## - MAIN ENTRY--PERSONAL NAME | |
| Personal name | Sumnea, Meng |
| 245 ## - TITLE STATEMENT | |
| Title | រំខានមែន ! |
| Statement of responsibility, etc. | និពន្ធដោយ ម៉េង សុមនា ទ្រី សម្ភស្ស និងជ្រីម ហុកស្រិន - គូររូបដោយ សៀត សុភាព |
| 250 ## - EDITION STATEMENT | |
| Edition statement | បោះពុម្ពលើកទី ១ មីនា ២០២១ |
| 260 ## - PUBLICATION, DISTRIBUTION, ETC. | |
| Place of publication, distribution, etc. | Phnom Penh: |
| Name of publisher, distributor, etc. | Sipar, |
| Date of publication, distribution, etc. | 2021 |
| 300 ## - PHYSICAL DESCRIPTION | |
| Extent | 19 pages : |
| Other physical details | color illustrations ; |
| Dimensions | 27 cm |
| 490 ## - SERIES STATEMENT | |
| Series statement | តស់អាន! |
| 505 ## - FORMATTED CONTENTS NOTE | |
| Formatted contents note | J<br/> |
| 520 ## - SUMMARY, ETC. | |
| Summary, etc. | ក្មេងស្រីតូចម្នាក់ព្យាយាមសួរមនុស្សជុំវិញនាងថា ពាក្យរំខានមានន័យដូចម្ដេច? |
| 520 ## - SUMMARY, ETC. | |
| Summary, etc. | A little girl tries to ask people around her what the word annoying means. |
| 521 ## - TARGET AUDIENCE NOTE | |
| Target audience note | 500 <br/> |
| Source | Lexile estimate <br/> |
| 521 ## - TARGET AUDIENCE NOTE | |
| Target audience note | J <br/> |
| Source | Raz-PLus <br/> |
| 650 ## - SUBJECT ADDED ENTRY--TOPICAL TERM | |
| Topical term or geographic name entry element | រំខាន |
| Form subdivision | សួរ |
| 650 ## - SUBJECT ADDED ENTRY--TOPICAL TERM | |
| Topical term or geographic name entry element | Annoy |
| Form subdivision | Ask |
| 700 ## - ADDED ENTRY--PERSONAL NAME | |
| Personal name | Sopheap, Siet |
| Titles and other words associated with a name | illustrator |
| 942 ## - ADDED ENTRY ELEMENTS (KOHA) | |
| Source of classification or shelving scheme | Dewey Decimal Classification |
| Koha item type | Books |
| Suppress in OPAC | No |
| 999 ## - | |
| -- | 1432 |
| -- | 1432 |
| Withdrawn status | Lost status | Source of classification or shelving scheme | Damaged status | Not for loan | Collection | Home library | Current library | Shelving location | Date acquired | Total Checkouts | Full call number | Barcode | Date last seen | Date last checked out | Copy number | Price effective from | Koha item type |
|---|---|---|---|---|---|---|---|---|---|---|---|---|---|---|---|---|---|
| Dewey Decimal Classification | Khmer Language Books / សៀវភៅភាសាខ្មែរ | Footprints International School Library Network Toul Kork Campus | Footprints International School Library Network Toul Kork Campus | TK Campus, Room B402, Khmer Book Case 16, Shelves 112-123 / ទូរសៀវភៅខ្មែរលេខ ១៦ ធ្នើរ ១១២ ដល់ ១២៣ បន្ទប់ B402 សាខាទួលគោក | 08/24/2023 | 1 | SUM 306.85 | 2023-0347 | 02/14/2025 | 12/04/2024 | 1 | 08/24/2023 | Khmer Books | ||||
| Dewey Decimal Classification | Khmer Language Books / សៀវភៅភាសាខ្មែរ | Footprints International School Library Network Toul Kork Campus | Footprints International School Library Network Toul Kork Campus | TK Campus, Room B402, Khmer Book Case 16, Shelves 112-123 / ទូរសៀវភៅខ្មែរលេខ ១៦ ធ្នើរ ១១២ ដល់ ១២៣ បន្ទប់ B402 សាខាទួលគោក | 08/24/2023 | 2 | SUM 306.85 | 2023-0352 | 12/03/2024 | 08/23/2024 | 2 | 08/24/2023 | Khmer Books | ||||
| Dewey Decimal Classification | Khmer Language Books / សៀវភៅភាសាខ្មែរ | Footprints International School Library Network Toul Kork Campus | Footprints International School Library Network Toul Kork Campus | TK Old Khmer Books (Rear Hallway Shelf 3) | 06/27/2024 | 2 | SUM 306.85 | FISBK072025 | 03/20/2026 | 03/11/2026 | 3 | 06/27/2024 | Khmer Books | ||||
| Dewey Decimal Classification | Khmer Language Books / សៀវភៅភាសាខ្មែរ | Footprints International School Library Network Toul Kork Campus | Footprints International School Library Network Toul Kork Campus | TK Old Khmer Books (Rear Hallway Shelf 3) | 07/08/2024 | SUM 306.85 | FISBK072046 | 07/08/2024 | 4 | 07/08/2024 | Khmer Books | ||||||
| Dewey Decimal Classification | Khmer Language Books / សៀវភៅភាសាខ្មែរ | Footprints International School Library Network Toul Kork Campus | Footprints International School Library Network Toul Kork Campus | TK Old Khmer Books (Rear Hallway Shelf 3) | 07/08/2024 | 1 | SUM 306.85 | FISTK05321 | 11/13/2025 | 08/22/2025 | 5 | 07/08/2024 | Khmer Books | ||||
| Dewey Decimal Classification | Khmer Language Books / សៀវភៅភាសាខ្មែរ | Footprints International School Library Network Toul Kork Campus | Footprints International School Library Network Toul Tom Poung Campus | 07/08/2024 | SUM 306.85 | FIS05012 | 05/26/2025 | 6 | 07/08/2024 | Khmer Books |
